| 000 | 00674cam a2200253 4500 | ||
|---|---|---|---|
| 001 | 311848 | ||
| 003 | ARRUPE | ||
| 005 | 20141219134346.0 | ||
| 008 | 731005s1972 rh a 001 0 eng | ||
| 010 | _a 73170628 | ||
| 020 | _a0582640857 | ||
| 040 |
_aDLC _cDLC _dDLC |
||
| 050 | 0 | 0 |
_aQC981 _b.H33 |
| 082 | 0 | 0 | _a551.6/3 |
| 100 | 1 |
_aHattle, Jack. _913298 |
|
| 245 | 1 | 0 |
_aWayward winds _c/ Jack Hattle. |
| 260 |
_aSalisbury _bLongman Rhodesia _c1972 |
||
| 300 |
_a138 p. _billus. _c22 cm. |
||
| 490 | 0 | _aBundu series | |
| 650 | 0 |
_aWeather. _913299 |
|
| 650 | 0 |
_aWeather forecasting. _913300 |
|
| 906 |
_a7 _bcbc _corignew _d4 _encip _f19 _gy-gencatlg |
||
| 942 |
_2lcc _cSPC |
||
| 999 |
_c121462 _d121462 |
||